|
|
|
|
| LEADER |
00000cam a2200000 a 4500 |
| 001 |
UCD1234 |
| 003 |
CL-VaPUC |
| 008 |
160121e20120000sp |||||||||||||||||spa|d |
| 020 |
|
|
|a 9788430951574
|
| 082 |
0 |
4 |
|a 170
|b COR
|2 21
|
| 100 |
0 |
|
|a Cortina Orts, Adela
|e author
|9 584324
|
| 245 |
1 |
0 |
|a Etica mínima: introducción a la filosofía práctica
|
| 250 |
|
|
|a 16a. ed
|
| 300 |
|
|
|a 343 p
|
| 942 |
|
|
|c BK
|
| 945 |
|
|
|d 20160121 16:41:00
|a dcastane
|
| 260 |
|
|
|a Madrid
|b Tecnos
|c 2012
|
| 650 |
|
0 |
|a Ética
|9 255099
|
| 650 |
|
0 |
|a Filosofía moral
|9 310115
|
| 650 |
|
7 |
|a FILOSOFIA PRACTICA
|2 CL-VaPUC
|9 330862
|
| 650 |
|
7 |
|a ETICA Y POLITICA
|2 CL-VaPUC
|9 470468
|
| 583 |
|
|
|a last modification
|c 20160121 16:41:00
|k Rodrigo Vera
|
| 999 |
|
|
|c 362614
|d 362612
|
| 952 |
|
|
|0 0
|1 0
|3 erb
|4 0
|6 170_000000000000000_COR_2012
|7 0
|8 A
|9 473988
|a BIBEDU
|b BIBEDU
|i 5262801
|l 3
|o 170 COR 2012
|p 5262801
|r 2022-07-01
|s 2022-07-01
|w 2019-11-24
|y BK
|z Catalogado en:20160121
|k EDI
|